| 000 | 00629nam a22001937a 4500 | ||
|---|---|---|---|
| 003 | OSt | ||
| 005 | 20231101185129.0 | ||
| 008 | 221006b |||||||| |||| 00| 0 eng d | ||
| 040 | _cBiblioteca Lado V | ||
| 082 |
_a700.74 _bB651n |
||
| 100 |
_91206 _aBlock, René |
||
| 245 | _aThe Nordic Pavilion 2007/ | ||
| 260 |
_c2006 _aWashington _b52nd Venice Biennale |
||
| 300 |
_c34 x 24.5 cm _a119 p. |
||
| 650 |
_2Tesauro de Arte & Arquitectura _aARTE |
||
| 650 |
_2Tesauro de Arte & Arquitectura _aARTES VISUALES _9703 |
||
| 650 |
_2Tesauro de Arte & Arquitectura _aBOLETIN |
||
| 942 |
_2ddc _c1 _h700.74 _iB651n _n0 |
||
| 999 |
_c4556 _d4556 |
||